00739nam a22001817a 4500008004100000020001600041040005500057080001500112100002000127245007600147260008600223300000900309490006200318650001200380942001300392999001700405952013500422230428b |||||||| |||| 00| 0 eng d a06423000933 aNational Science LibrarycNational Science Library a519.2 bL4 aBest, D J97750 aTables for Kendall's Tau and an examination of the normal approximation aAustralia: bCommonwealth Scientific and Industrial Research Organization, c1974 a15p. aDivision of mathematical statistics technical paper v39 aScience 2udccREP c24587d24587 00102udc4065192_L470936074aNSLbNSLcGF/Rk-5/C-23/R-4d2004-07-24l0o519.2 L4p192308r2023-04-28 00:00:00w2004-07-24yREP